| 000 | 01224nam a2200337 i 4500 | ||
|---|---|---|---|
| 003 | EG-GICUC | ||
| 005 | 20260121101452.0 | ||
| 008 | 251211s2000 ua |||fr|||| 000 0 ara d | ||
| 017 | _a1996/8779 | ||
| 020 | _a977-04-1739-4 | ||
| 040 |
_a EG-GICUC _bara _c EG-GICUC _d EG-GICUC _erda |
||
| 041 | _aara | ||
| 082 | 0 | 4 |
_221 _a343.656 _bم ح . ج |
| 092 | 0 | 4 | _221 |
| 099 | _aLaw1 10 343.656 م ح . ج 2000 | ||
| 100 | 0 |
_aمحمد عبدالحميد مكي _eمؤلف. |
|
| 245 | 1 | 0 |
_aجريمة هجر العائلة / _cمحمد عبدالحميد مكي. |
| 264 | 1 |
_aالقاهرة : _bدار النهضة العربية, _c2000. |
|
| 300 |
_a207 صفحة ؛ _c24 سم |
||
| 336 |
_2rda content _atext |
||
| 337 |
_2rda media _aComputer |
||
| 338 |
_2rda carrier _aOnline Resource |
||
| 504 | _a. 198-189ببليوجرافيا: صفحات. | ||
| 546 | _aالنص أغلبه باللغة العربية بعض النصوص الإنجليزية والفرنسية | ||
| 650 | 1 | 4 |
_aصور أخرى من الإجرام _2qrmak |
| 651 | 1 | _2qrmak | |
| 653 | 1 | 0 | _aالجرائم السياسية |
| 856 | 4 | 0 | _uhttps://fll.law.cu.edu.eg/fulltext/bks/B10-07192.pdf |
| 905 |
_a79 _eHassnaa |
||
| 942 |
_2ddc _cBK _e21 _n0 |
||
| 999 |
_c49802 _d49802 |
||